000 00668nam a22002417a 4500
001 66253
003 UA-OsUOA
005 20210405192704.0
007 ta
008 20091225b un ||||| |||| 00| 0 ukr d
020 _a9665792067
040 _aUA-OsUOA
_bukr
_cUA-OsUOA
_dUA-OsUOA
041 _aukr
080 _a821.161.2-1
090 _a821.161.2-1
_bВ19
100 _aВасиленко М.
245 _aДо матері, додому
_bвірші
260 _aК.
_bУкраїнський письменник
_c2007
300 _a346 с.
650 7 _a82 Література. Літературознавство
_2UDC
942 _cBK
_2udc
955 _a3
999 _c352110
_d352110